000 00741nam a2200217Ii 4500
003 JO-AjNU
008 230605s9999||||xx |||||||||||||| ||und||
017 _a2004/2/252
040 _aJO-AjNU
_bara
_erda
_cJO-AjNU
041 _aara
050 1 4 _aPJ7541.A226 2010
100 3 _aعبابنة، سامي,
_eauthor
_943327
245 0 0 _aإتجاهات النقاد العرب في قراءة النص الشعري الحديث
250 _aط2
264 3 1 _aإربد: عالم الكتب الحديث، 2004
300 _a442ص
336 _atext
_btxt
_2rdacontent
337 _aunmediated
_bn
_2rdamedia
338 _avolume
_bnc
_2rdacarrier
650 4 _aالشعر العربي - العصر الحديث - تحليل ونقد
_943328
999 _aA18619
_c22187
_d22187